Management of Hydro-Electric Power (Record no. 8805)

MARC details
000 -LEADER
fixed length control field 00253nam a2200109 4500
082 ## - DEWEY DECIMAL CLASSIFICATION NUMBER
Classification number BAN
100 ## - MAIN ENTRY--AUTHOR NAME
Personal name Bansal, S.P.
245 ## - TITLE STATEMENT
Title Management of Hydro-Electric Power
260 ## - PUBLICATION, DISTRIBUTION, ETC. (IMPRINT)
Place of publication India:
Name of publisher Deep and Deep Publishers,
Year of publication 1994.
300 ## - PHYSICAL DESCRIPTION
Number of Pages 214p. ;
942 ## - ADDED ENTRY ELEMENTS (KOHA)
Koha item type Books
Holdings
Withdrawn status Lost status Home library Current library Date acquired Cost, normal purchase price Full call number Accession Number Koha item type
    Central Library, QUEST, Nawabshah Stacks area 13/08/2014 339.75 BAN 21356 Books